Effectif de l'Equipe de France Rugby Coupe du monde 2023 - Statistiques

Statistiques générales
  • Ce quiz a été pris 48 fois
  • Le résultat moyen est 27 sur 33
Statistiques - réponses
Hint Réponse Club % Correct
Demi de mêlée Dupont Toulouse
98%
Demi de mêlée Lucu Bordeaux
96%
Talonneur Mauvaka Toulouse
96%
Arrière Ramos Toulouse
96%
Pilier gauche Baille Toulouse
93%
Ailier Bielle-Biarrey Bordeaux
93%
Centre Fickou Racing 92
93%
Demi d'ouverture Jalibert Bordeaux
93%
Ailier Penaud Bordeaux
93%
Pilier droit Atonio La Rochelle
91%
Talonneur Marchand Toulouse
91%
Troisième Ligne Centre Alldritt La Rochelle
89%
Pilier gauche Gros Toulon
87%
Troisième Ligne Aile Jelonch Toulouse
87%
Demi d'ouverture Hastoy La Rochelle
84%
Ailier Villière Toulon
84%
Troisième Ligne Aile Cros Toulouse
82%
Deuxième Ligne Flament Toulouse
82%
Centre Moefana Bordeaux
82%
Troisième Ligne Aile Macalou Stade Français
80%
Troisième Ligne Aile Ollivon Toulon
80%
Demi de mêlée Couilloud Lyon
78%
Centre Danty La Rochelle
78%
Arrière Jaminet Toulouse
78%
Pilier droit Aldegheri Toulouse
76%
Talonneur Bourgarit La Rochelle
76%
Centre Vincent Montpellier
76%
Pilier gauche Wardi La Rochelle
76%
Deuxième Ligne Woki Racing 92
76%
Troisième Ligne Aile Boudehent La Rochelle
71%
Deuxième Ligne Taofifenua Lyon
69%
Pilier droit Falatea Bordeaux
51%
Deuxième Ligne Chalureau Montpellier
42%
Aucun quiz correspondant
Distribution des résultats
% des personnes avec chaque résultat
Percentile par nombre de réponses
Votre historique - résultats
Vous n’avez pas pris ce quiz